Every Album Lil Tecca Has Featured On - Statistics

General Stats
  • This quiz has been taken 2 times
  • The average score is 6 of 14
Answer Stats
Artist(s) Album Track Title Date Released % Correct
Brankrol Hayden 29 Come Through Mar 10, 2023
100%
Trippie Redd A Love Letter To You 4 How I Was Raised Feb 21, 2020
100%
Mabel About Last Night... Let Love Go Jul 15, 2022
50%
Lyrical Lemonade All Is Yellow This My Life Jan 26, 2024
50%
TyFontaine Ascension - Virtual World 2 Good Life Oct 21, 2021
50%
Internet Money B4 The Storm Somebody Oct 23, 2020
50%
24kGoldn El Dorado Prada Sep 30, 2022
50%
Lil Wayne Sorry 4 The Wait Anti-Hero Jan 14, 2022
50%
Coi Leray Trendsetter Mission Impossible Apr 8, 2022
50%
Nebu Kiniza Back2Lyfe Can't Deny Apr 16, 2021
0%
Danny Wolf Dark Nights In Paradise Mavericks Aug 13, 2021
0%
Rich Amiri Evolution Poppin Mar 17, 2023
0%
Sheff G Proud Of Myself Never Again Nov 22, 2024
0%
Nathanael Cano Trap Tumbado Dime Pa Que Jun 26, 2020
0%
No matching quizzes found
Score Distribution
Percent of People with Each Score
Percentile by Number Answered
Your Score History
You have not taken this quiz